El pensamiento del derecho y del estado en la antigüedad: desde Homero hasta Platón
Sparad:
| Huvudupphovsman: | |
|---|---|
| Materialtyp: | Bok |
| Språk: | spanska |
| Publicerad: |
Buenos Aires
Valerio Abeledo
1956
|
| Ämnen: | |
| Taggar: |
Lägg till en tagg
Inga taggar, Lägg till första taggen!
|
MARC
| LEADER | 00000nam a2200000 a 4500 | ||
|---|---|---|---|
| 001 | UCV0880 | ||
| 003 | CL-VaPUC | ||
| 008 | 890619e19560000AG |||||||||||||||||spa|d | ||
| 082 | 0 | 4 | |a 180 |b LLA |2 21 |
| 100 | |a LLambías de Azevedo, Juan |e autor |9 395560 | ||
| 245 | 1 | 3 | |a El pensamiento del derecho y del estado en la antigüedad: desde Homero hasta Platón |
| 300 | |a 403 p | ||
| 942 | |c BK | ||
| 945 | |d 19890619 00:00:00 | ||
| 260 | |a Buenos Aires |b Valerio Abeledo |c 1956 | ||
| 650 | 7 | |a FILOSOFIA POLITICA |2 CL-VaPUC |9 295217 | |
| 650 | 0 | |a Filosofía antigua |9 255705 | |
| 583 | |a last modification |c 20170531 10:49:53 |k Rodrigo Vera | ||
| 999 | |c 209071 |d 209069 | ||
| 952 | |0 0 |1 0 |4 0 |6 180_000000000000000_LLA_1956 |7 0 |8 DER_TF |9 184206 |a BIBDER |b BIBDER |d 2019-11-14 |i 2513587 |o 180 LLA 1956 |p 2513587 |r 2023-01-25 |w 2019-11-14 |x Ubicación 4to Piso |y BK |z Estos recursos deben solicitarse con anticipación |k DER | ||